Pays africains commençant et finissant par une consonne - Statistiques

Statistiques générales
  • Ce quiz a été pris 107 fois
  • Le résultat moyen est 9 sur 13
Statistiques - réponses
% Correct
Maroc
87%
Soudan
80%
Bénin
75%
Tchad
73%
Cap-Vert
72%
Gabon
71%
Soudan du Sud
71%
Cameroun
69%
Madagascar
69%
Comores
67%
Niger
67%
Sénégal
65%
Seychelles
59%
Aucun quiz correspondant
Distribution des résultats
% des personnes avec chaque résultat
Percentile par nombre de réponses
Votre historique - résultats
Vous n’avez pas pris ce quiz